00384nam a2200109Ia 4500008004100000100001900041245008700060500008500147650001800232942000700250999001700257181011s9999 xx 000 0 und d aPeter G.Gowing 0aMoros and khaek:The position of muslims Minorities in the Philippines and Thailand aAl-Basheer the Bulletin of Christian Institute of Islamic Studies Jan - May 1975 aIslam in Asia cBR c22103d22103